[Event "SVK-chT U12 rapid"]
[Site "Poprad"]
[Date "2025.05.02"]
[Round "6.31"]
[White "Motykova, Dorota"]
[Black "Smigel, Michal"]
[Result "0-1"]
[WhiteElo "1000"]
[BlackElo "1000"]
[PlyCount "86"]
[EventDate "2025.05.02"]
[EventType "team-swiss (rapid)"]
[EventRounds "7"]
[EventCountry "SVK"]
[SourceTitle "CB19_2025"]
[SourceDate "2025.05.07"]
[SourceVersion "1"]
[SourceVersionDate "2025.05.07"]
[SourceQuality "1"]

1. e4 e5 2. Nf3 Nc6 3. Bb5 Nf6 4. Nc3 a6 5. Bxc6 dxc6 6. 0-0 Bc5 7. d3 0-0 8. Nxe5 Bd6 9. d4 Bxe5 10. dxe5 Qe7 11. exf6 Qxf6 12. Be3 Qg6 13. Qd2 Bh3 14. g3 Bxf1 15. Rxf1 Rad8 16. Qe2 b5 17. e5 b4 18. Nd1 Rd5 19. Bf4 Re8 20. c4 bxc3 21. Nxc3 Rc5 22. Ne4 Rd5 23. Nc3 Rd4 24. Qe3 c5 25. b4 f6 26. e6 Rxb4 27. Nd5 Rd4 28. Nxc7 Re7 29. Nxa6 Rd3 30. Qe2 c4 31. Nc5 Rc3 32. Ne4 Rxe6 33. Bd2 Rc2 34. f3 f5 35. Rb1 fxe4 36. Rb8+ Kf7 37. Rb7+ Kf6 38. Rc7 e3 39. Rxc4 exd2 40. Rf4+ Kg5 41. h4+ Kh6 42. Qd1 Re1+ 43. Qxe1 dxe1Q# 0-1